[Event "ODJM B 2025"]
[Site "Willingen GER"]
[Date "2025.06.11"]
[Round "6"]
[White "Ensslen, Jakob"]
[Black "Bakó, Evelin"]
[Result "1/2-1/2"]
[Termination "normal"]
[Board "18"]
[WhiteElo "1682"]
[BlackElo "1637"]
[WhiteClock "00:06:12"]
[BlackClock "00:04:56"]
[PlyCount "58"]
[WhiteFideId "34640258"]
[BlackFideId "16271823"]
[EventCountry "GER"]
[EventRounds "9"]
[EventType "swiss"]
[EventDate "2025.06.07"]

1. d4 {[%clk 01:30:56]} {[%emt 00:00:04]} d5 {[%clk 01:30:53]} {[%emt
00:00:08]} 2. Bf4 {[%clk 01:31:20]} {[%emt 00:00:05]} e6 {[%clk 01:29:23]}
{[%emt 00:02:00]} 3. e3 {[%clk 01:31:25]} {[%emt 00:00:25]} Bd6 {[%clk
01:28:31]} {[%emt 00:01:22]} 4. Bg3 {[%clk 01:31:01]} {[%emt 00:00:55]} Nf6
{[%clk 01:28:24]} {[%emt 00:00:36]} 5. Nf3 {[%clk 01:31:09]} {[%emt 00:00:22]}
b6 {[%clk 01:27:57]} {[%emt 00:00:58]} 6. c3 {[%clk 01:30:44]} {[%emt
00:00:55]} Bb7 {[%clk 01:25:23]} {[%emt 00:03:03]} 7. Nbd2 {[%clk 01:29:09]}
{[%emt 00:02:05]} Nbd7 {[%clk 01:23:24]} {[%emt 00:02:29]} 8. Ne5 {[%clk
01:29:02]} {[%emt 00:00:37]} Ne4 {[%clk 01:23:10]} {[%emt 00:00:44]} 9. f4
{[%clk 01:17:34]} {[%emt 00:11:59]} O-O {[%clk 01:17:53]} {[%emt 00:05:47]} 10.
Bd3 {[%clk 01:14:57]} {[%emt 00:03:06]} f5 {[%clk 01:13:22]} {[%emt 00:05:01]}
11. Qe2 {[%clk 01:10:54]} {[%emt 00:04:33]} Ndf6 {[%clk 01:08:30]} {[%emt
00:05:22]} 12. Bh4 {[%clk 01:05:39]} {[%emt 00:05:45]} Qe8 {[%clk 01:06:12]}
{[%emt 00:02:46]} 13. Ndf3 {[%clk 00:58:05]} {[%emt 00:08:06]} a6 {[%clk
00:56:10]} {[%emt 00:10:32]} 14. Bc2 {[%clk 00:47:04]} {[%emt 00:11:32]} b5
{[%clk 00:53:29]} {[%emt 00:03:11]} 15. O-O {[%clk 00:43:25]} {[%emt 00:04:08]}
c5 {[%clk 00:46:03]} {[%emt 00:07:57]} 16. a3 {[%clk 00:36:37]} {[%emt
00:07:18]} c4 {[%clk 00:43:47]} {[%emt 00:02:45]} 17. Be1 {[%clk 00:32:26]}
{[%emt 00:04:40]} Qh5 {[%clk 00:37:39]} {[%emt 00:06:35]} 18. h3 {[%clk
00:28:42]} {[%emt 00:04:18]} Rfd8 {[%clk 00:24:44]} {[%emt 00:13:24]} 19. Bd1
{[%clk 00:26:56]} {[%emt 00:02:18]} Qe8 {[%clk 00:22:52]} {[%emt 00:02:19]} 20.
Kh2 {[%clk 00:24:36]} {[%emt 00:02:52]} Nh5 {[%clk 00:20:31]} {[%emt 00:02:51]}
21. g4 {[%clk 00:19:00]} {[%emt 00:06:07]} fxg4 {[%clk 00:18:28]} {[%emt
00:02:32]} 22. hxg4 {[%clk 00:19:23]} {[%emt 00:00:07]} Nhf6 {[%clk 00:18:14]}
{[%emt 00:00:44]} 23. Rh1 {[%clk 00:16:45]} {[%emt 00:03:08]} h6 {[%clk
00:10:02]} {[%emt 00:08:41]} 24. Kg1 {[%clk 00:12:59]} {[%emt 00:04:17]} Nd7
{[%clk 00:08:17]} {[%emt 00:02:15]} 25. Qh2 {[%clk 00:11:15]} {[%emt 00:02:15]}
Bxe5 {[%clk 00:07:19]} {[%emt 00:01:27]} 26. fxe5 {[%clk 00:10:35]} {[%emt
00:01:10]} Qg6 {[%clk 00:06:28]} {[%emt 00:01:19]} 27. Qh5 {[%clk 00:07:16]}
{[%emt 00:03:52]} Qxh5 {[%clk 00:06:11]} {[%emt 00:00:46]} 28. gxh5 {[%clk
00:07:04]} {[%emt 00:00:42]} Bc6 {[%clk 00:04:56]} {[%emt 00:01:46]} 29. Kg2
{[%clk 00:06:12]} {[%emt 00:01:22]} Rf8 {[%emt 00:01:34]} 1/2-1/2

[Event "ODJM B 2025"]
[Site "Willingen GER"]
[Date "2025.06.11"]
[Round "6"]
[White "Golke, Philipp"]
[Black "Dominik, Anton"]
[Result "0-1"]
[Termination "normal"]
[Board "19"]
[WhiteElo "1729"]
[BlackElo "2015"]
[WhiteClock "01:40:01"]
[BlackClock "00:02:03"]
[PlyCount "106"]
[WhiteFideId "34625259"]
[BlackFideId "34694501"]
[EventCountry "GER"]
[EventRounds "9"]
[EventType "swiss"]
[EventDate "2025.06.07"]

1. e4 {[%clk 01:30:55]} {[%emt 00:00:05]} c5 {[%clk 01:30:44]} {[%emt
00:00:17]} 2. Nf3 {[%clk 01:31:14]} {[%emt 00:00:10]} Nc6 {[%clk 01:30:45]}
{[%emt 00:00:29]} 3. Bb5 {[%clk 01:31:39]} {[%emt 00:00:06]} g6 {[%clk
01:30:11]} {[%emt 00:01:05]} 4. O-O {[%clk 01:32:02]} {[%emt 00:00:06]} Bg7
{[%clk 01:30:25]} {[%emt 00:00:16]} 5. Re1 {[%clk 01:32:24]} {[%emt 00:00:08]}
e5 {[%clk 01:30:20]} {[%emt 00:00:36]} 6. Nc3 {[%clk 01:32:41]} {[%emt
00:00:12]} Nge7 {[%clk 01:30:00]} {[%emt 00:00:50]} 7. Nd5 {[%clk 01:32:33]}
{[%emt 00:00:38]} O-O {[%clk 01:29:36]} {[%emt 00:00:53]} 8. d3 {[%clk
01:32:25]} {[%emt 00:00:36]} h6 {[%clk 01:25:33]} {[%emt 00:04:37]} 9. Bxc6
{[%clk 01:32:30]} {[%emt 00:00:24]} Nxc6 {[%clk 01:23:50]} {[%emt 00:02:13]}
10. Be3 {[%clk 01:32:54]} {[%emt 00:00:06]} d6 {[%clk 01:23:42]} {[%emt
00:00:38]} 11. Qd2 {[%clk 01:33:19]} {[%emt 00:00:04]} Kh7 {[%clk 01:23:33]}
{[%emt 00:00:40]} 12. Kh1 {[%clk 01:25:28]} {[%emt 00:08:21]} f5 {[%clk
01:13:48]} {[%emt 00:10:15]} 13. g3 {[%clk 01:25:53]} {[%emt 00:00:05]} fxe4
{[%clk 00:55:51]} {[%emt 00:18:27]} 14. Nh4 {[%clk 01:25:57]} {[%emt 00:00:25]}
g5 {[%clk 00:51:59]} {[%emt 00:04:22]} 15. Ng2 {[%clk 01:26:22]} {[%emt
00:00:06]} exd3 {[%clk 00:49:40]} {[%emt 00:02:48]} 16. Qxd3+ {[%clk 01:26:43]}
{[%emt 00:00:10]} Bf5 {[%clk 00:49:23]} {[%emt 00:00:47]} 17. Qd2 {[%clk
01:27:00]} {[%emt 00:00:13]} Be4 {[%clk 00:38:37]} {[%emt 00:11:16]} 18. Nc3
{[%clk 01:27:04]} {[%emt 00:00:26]} Bf3 {[%clk 00:38:33]} {[%emt 00:00:34]} 19.
h3 {[%clk 01:27:01]} {[%emt 00:00:32]} Qd7 {[%clk 00:35:42]} {[%emt 00:03:22]}
20. Kh2 {[%clk 01:27:25]} {[%emt 00:00:06]} Kh8 {[%clk 00:32:40]} {[%emt
00:03:32]} 21. h4 {[%clk 01:27:44]} {[%emt 00:00:11]} Nd4 {[%clk 00:26:31]}
{[%emt 00:06:39]} 22. hxg5 {[%clk 01:27:29]} {[%emt 00:00:44]} Bxg2 {[%clk
00:22:54]} {[%emt 00:04:07]} 23. Kxg2 {[%clk 01:27:51]} {[%emt 00:00:08]} Nf3
{[%clk 00:23:00]} {[%emt 00:00:25]} 24. Qd5 {[%clk 01:27:52]} {[%emt 00:00:29]}
Nxe1+ {[%clk 00:22:00]} {[%emt 00:01:30]} 25. Rxe1 {[%clk 01:28:16]} {[%emt
00:00:05]} Qc6 {[%clk 00:14:13]} {[%emt 00:08:18]} 26. gxh6 {[%clk 01:24:36]}
{[%emt 00:04:10]} Bf6 {[%clk 00:14:25]} {[%emt 00:00:18]} 27. Qxc6 {[%clk
01:20:36]} {[%emt 00:04:30]} bxc6 {[%clk 00:14:49]} {[%emt 00:00:06]} 28. Ne4
{[%clk 01:21:02]} {[%emt 00:00:04]} Be7 {[%clk 00:13:50]} {[%emt 00:01:29]} 29.
Rh1 {[%clk 01:19:01]} {[%emt 00:02:30]} Kh7 {[%clk 00:13:10]} {[%emt 00:01:11]}
30. Rd1 {[%clk 01:15:04]} {[%emt 00:04:26]} d5 {[%clk 00:11:16]} {[%emt
00:02:25]} 31. Ng5+ {[%clk 01:12:10]} {[%emt 00:03:23]} Bxg5 {[%clk 00:10:42]}
{[%emt 00:01:05]} 32. Bxg5 {[%clk 01:12:33]} {[%emt 00:00:06]} Rf5 {[%clk
00:08:43]} {[%emt 00:02:30]} 33. Bc1 {[%clk 01:12:39]} {[%emt 00:00:22]} Raf8
{[%clk 00:06:05]} {[%emt 00:03:10]} 34. Rf1 {[%clk 01:11:35]} {[%emt 00:01:35]}
e4 {[%clk 00:05:36]} {[%emt 00:00:58]} 35. b3 {[%clk 01:08:40]} {[%emt
00:03:25]} Rf3 {[%clk 00:05:06]} {[%emt 00:00:59]} 36. Bf4 {[%clk 01:08:30]}
{[%emt 00:00:40]} R8xf4 {[%clk 00:03:10]} {[%emt 00:02:27]} 37. gxf4 {[%clk
01:08:53]} {[%emt 00:00:06]} Rxf4 {[%clk 00:03:30]} {[%emt 00:00:11]} 38. Rb1
{[%clk 01:07:59]} {[%emt 00:01:24]} Rf6 {[%clk 00:03:06]} {[%emt 00:00:53]} 39.
a3 {[%clk 01:07:58]} {[%emt 00:00:33]} Rf3 {[%clk 00:02:40]} {[%emt 00:00:56]}
40. a4 {[%clk 01:08:17]} {[%emt 00:00:10]} Rc3 {[%clk 00:02:45]} {[%emt
00:00:25]} 41. b4 {[%clk 01:08:01]} {[%emt 00:00:46]} cxb4 {[%clk 00:01:39]}
{[%emt 00:01:37]} 42. Rxb4 {[%clk 01:08:26]} {[%emt 00:00:04]} Rxc2 {[%clk
00:01:20]} {[%emt 00:00:49]} 43. Rb7+ {[%clk 01:08:51]} {[%emt 00:00:05]} Kxh6
{[%clk 00:01:37]} {[%emt 00:00:13]} 44. Rxa7 {[%clk 01:09:17]} {[%emt
00:00:04]} e3 {[%clk 00:29:53]} {[%emt 00:02:14]} 45. a5 {[%clk 01:39:17]}
{[%emt 00:00:30]} Rxf2+ {[%clk 00:29:55]} {[%emt 00:00:27]} 46. Kg3 {[%clk
01:39:40]} {[%emt 00:00:06]} Ra2 {[%clk 00:28:50]} {[%emt 00:01:36]} 47. Kf3
{[%clk 01:39:56]} {[%emt 00:00:14]} d4 {[%clk 00:28:20]} {[%emt 00:01:01]} 48.
Rd7 {[%clk 01:39:49]} {[%emt 00:00:37]} Rf2+ {[%clk 00:03:50]} {[%emt
00:25:00]} 49. Kg3 {[%clk 01:39:37]} {[%emt 00:00:41]} Rf1 {[%clk 00:03:16]}
{[%emt 00:01:05]} 50. Re7 {[%clk 01:39:07]} {[%emt 00:01:00]} d3 {[%clk
00:02:21]} {[%emt 00:01:25]} 51. a6 {[%clk 01:39:32]} {[%emt 00:00:05]} d2
{[%clk 00:02:04]} {[%emt 00:00:47]} 52. a7 {[%clk 01:39:39]} {[%emt 00:00:24]}
d1=Q {[%clk 00:01:54]} {[%emt 00:00:39]} 53. Re6+ {[%clk 01:40:01]} {[%emt
00:00:07]} Kg5 {[%clk 00:02:03]} {[%emt 00:00:21]} 0-1

[Event "ODJM B 2025"]
[Site "Willingen GER"]
[Date "2025.06.11"]
[Round "6"]
[White "Oblender, Rudi"]
[Black "Wilke, Ronja"]
[Result "1/2-1/2"]
[Termination "normal"]
[Board "20"]
[WhiteElo "1761"]
[BlackElo "1585"]
[WhiteClock "01:08:42"]
[BlackClock "00:24:08"]
[PlyCount "79"]
[WhiteFideId "34625089"]
[BlackFideId "16288378"]
[EventCountry "GER"]
[EventRounds "9"]
[EventType "swiss"]
[EventDate "2025.06.07"]

1. e4 {[%clk 01:30:58]} {[%emt 00:00:02]} c6 {[%clk 01:30:55]} {[%emt
00:00:05]} 2. d4 {[%clk 01:31:11]} {[%emt 00:00:16]} d5 {[%clk 01:31:14]}
{[%emt 00:00:12]} 3. Nc3 {[%clk 01:31:26]} {[%emt 00:00:15]} dxe4 {[%clk
01:31:24]} {[%emt 00:00:20]} 4. Nxe4 {[%clk 01:31:49]} {[%emt 00:00:07]} Bf5
{[%clk 01:31:23]} {[%emt 00:00:32]} 5. Ng3 {[%clk 01:32:13]} {[%emt 00:00:05]}
Bg6 {[%clk 01:31:43]} {[%emt 00:00:09]} 6. Nf3 {[%clk 01:32:35]} {[%emt
00:00:08]} Nd7 {[%clk 01:31:44]} {[%emt 00:00:29]} 7. Bf4 {[%clk 01:32:50]}
{[%emt 00:00:16]} Qa5+ {[%clk 01:30:36]} {[%emt 00:01:37]} 8. Bd2 {[%clk
01:31:31]} {[%emt 00:01:50]} Qc7 {[%clk 01:30:54]} {[%emt 00:00:12]} 9. Be2
{[%clk 01:31:22]} {[%emt 00:00:39]} e6 {[%clk 01:30:45]} {[%emt 00:00:38]} 10.
O-O {[%clk 01:31:41]} {[%emt 00:00:12]} Bd6 {[%clk 01:30:55]} {[%emt 00:00:19]}
11. c4 {[%clk 01:31:21]} {[%emt 00:00:51]} Ngf6 {[%clk 01:29:54]} {[%emt
00:01:31]} 12. Rc1 {[%clk 01:31:37]} {[%emt 00:00:14]} O-O {[%clk 01:29:26]}
{[%emt 00:00:57]} 13. b4 {[%clk 01:30:43]} {[%emt 00:01:25]} Bf4 {[%clk
01:26:35]} {[%emt 00:03:21]} 14. a4 {[%clk 01:30:37]} {[%emt 00:00:36]} Bxd2
{[%clk 01:23:29]} {[%emt 00:03:36]} 15. Qxd2 {[%clk 01:30:58]} {[%emt
00:00:09]} e5 {[%clk 01:22:38]} {[%emt 00:01:20]} 16. Qb2 {[%clk 01:29:42]}
{[%emt 00:01:47]} exd4 {[%clk 01:21:09]} {[%emt 00:01:59]} 17. Qxd4 {[%clk
01:27:23]} {[%emt 00:02:48]} c5 {[%clk 01:20:06]} {[%emt 00:01:34]} 18. bxc5
{[%clk 01:26:31]} {[%emt 00:01:22]} Nxc5 {[%clk 01:19:54]} {[%emt 00:00:41]}
19. Qh4 {[%clk 01:25:13]} {[%emt 00:01:48]} b6 {[%clk 01:16:53]} {[%emt
00:03:31]} 20. Nd4 {[%clk 01:24:46]} {[%emt 00:00:57]} Qd7 {[%clk 01:07:40]}
{[%emt 00:09:43]} 21. Rcd1 {[%clk 01:24:39]} {[%emt 00:00:38]} Qxa4 {[%clk
01:06:35]} {[%emt 00:01:34]} 22. f4 {[%clk 01:25:05]} {[%emt 00:00:04]} h6
{[%clk 01:03:42]} {[%emt 00:03:24]} 23. f5 {[%clk 01:25:14]} {[%emt 00:00:20]}
Bh7 {[%clk 01:03:54]} {[%emt 00:00:19]} 24. Nh5 {[%clk 01:25:29]} {[%emt
00:00:15]} Nce4 {[%clk 01:02:38]} {[%emt 00:01:45]} 25. Rf3 {[%clk 01:25:33]}
{[%emt 00:00:27]} Rfe8 {[%clk 01:01:22]} {[%emt 00:01:45]} 26. Rdf1 {[%clk
01:24:20]} {[%emt 00:01:43]} Nxh5 {[%clk 00:57:10]} {[%emt 00:04:42]} 27. Qxh5
{[%clk 01:24:44]} {[%emt 00:00:06]} Nf6 {[%clk 00:57:15]} {[%emt 00:00:26]} 28.
Qh4 {[%clk 01:24:22]} {[%emt 00:00:51]} Re4 {[%clk 00:56:21]} {[%emt 00:01:24]}
29. Rf4 {[%clk 01:24:17]} {[%emt 00:00:35]} Rae8 {[%clk 00:55:54]} {[%emt
00:00:56]} 30. Qf2 {[%clk 01:23:17]} {[%emt 00:01:31]} Qd7 {[%clk 00:49:01]}
{[%emt 00:07:23]} 31. Bd3 {[%clk 01:14:45]} {[%emt 00:09:03]} Ng4 {[%clk
00:35:05]} {[%emt 00:14:25]} 32. Qb2 {[%clk 01:13:31]} {[%emt 00:01:43]} Rxf4
{[%clk 00:34:30]} {[%emt 00:01:06]} 33. Rxf4 {[%clk 01:13:52]} {[%emt
00:00:09]} Re1+ {[%clk 00:34:13]} {[%emt 00:00:47]} 34. Bf1 {[%clk 01:13:12]}
{[%emt 00:01:10]} Ne3 {[%clk 00:33:38]} {[%emt 00:01:05]} 35. g4 {[%clk
01:11:51]} {[%emt 00:01:51]} Rxf1+ {[%clk 00:33:19]} {[%emt 00:00:49]} 36. Rxf1
{[%clk 01:12:17]} {[%emt 00:00:04]} Nxf1 {[%clk 00:33:41]} {[%emt 00:00:08]}
37. Kxf1 {[%clk 01:12:46]} {[%emt 00:00:01]} Qc7 {[%clk 00:33:24]} {[%emt
00:00:45]} 38. Qe2 {[%clk 01:10:35]} {[%emt 00:02:43]} Kf8 {[%clk 00:26:39]}
{[%emt 00:07:15]} 39. Nb5 {[%clk 01:10:03]} {[%emt 00:01:03]} Qe7 {[%clk
00:24:08]} {[%emt 00:03:00]} 40. Qf3 {[%clk 01:08:42]} {[%emt 00:01:51]}
1/2-1/2

[Event "ODJM B 2025"]
[Site "Willingen GER"]
[Date "2025.06.11"]
[Round "6"]
[White "Thoms, Eric"]
[Black "Lesser, Luan"]
[Result "1-0"]
[Termination "normal"]
[Board "21"]
[WhiteElo "1716"]
[BlackElo "1790"]
[WhiteClock "01:03:07"]
[BlackClock "00:07:08"]
[PlyCount "115"]
[WhiteFideId "34623450"]
[BlackFideId "34640150"]
[EventCountry "GER"]
[EventRounds "9"]
[EventType "swiss"]
[EventDate "2025.06.07"]

1. d4 {[%clk 01:30:55]} {[%emt 00:00:04]} d5 {[%clk 01:30:50]} {[%emt
00:00:10]} 2. c4 {[%clk 01:31:17]} {[%emt 00:00:09]} e6 {[%clk 01:31:15]}
{[%emt 00:00:06]} 3. Nc3 {[%clk 01:31:37]} {[%emt 00:00:09]} f5 {[%clk
01:31:36]} {[%emt 00:00:09]} 4. cxd5 {[%clk 01:28:14]} {[%emt 00:03:53]} exd5
{[%clk 01:31:58]} {[%emt 00:00:08]} 5. Nf3 {[%clk 01:28:04]} {[%emt 00:00:40]}
Nf6 {[%clk 01:32:18]} {[%emt 00:00:10]} 6. Bf4 {[%clk 01:25:52]} {[%emt
00:02:42]} Bd6 {[%clk 01:32:41]} {[%emt 00:00:07]} 7. Bxd6 {[%clk 01:24:06]}
{[%emt 00:02:15]} Qxd6 {[%clk 01:33:04]} {[%emt 00:00:07]} 8. e3 {[%clk
01:24:24]} {[%emt 00:00:12]} c6 {[%clk 01:33:14]} {[%emt 00:00:21]} 9. Bd3
{[%clk 01:24:18]} {[%emt 00:00:36]} Ne4 {[%clk 01:33:34]} {[%emt 00:00:08]} 10.
O-O {[%clk 01:24:07]} {[%emt 00:00:42]} O-O {[%clk 01:33:55]} {[%emt 00:00:09]}
11. Qb3 {[%clk 01:23:45]} {[%emt 00:00:52]} Nd7 {[%clk 01:33:43]} {[%emt
00:00:42]} 12. Nxe4 {[%clk 01:21:45]} {[%emt 00:02:30]} fxe4 {[%clk 01:33:21]}
{[%emt 00:00:53]} 13. Bxe4 {[%clk 01:22:05]} {[%emt 00:00:09]} Nf6 {[%clk
01:33:37]} {[%emt 00:00:14]} 14. Bd3 {[%clk 01:22:25]} {[%emt 00:00:10]} Ng4
{[%clk 01:29:24]} {[%emt 00:04:43]} 15. Ne5 {[%clk 01:15:10]} {[%emt 00:07:45]}
Nxe5 {[%clk 01:29:07]} {[%emt 00:00:47]} 16. dxe5 {[%clk 01:15:33]} {[%emt
00:00:07]} Qxe5 {[%emt 00:00:21]} 17. Rad1 {[%clk 01:11:52]} {[%emt 00:04:08]}
Rb8 {[%clk 01:26:20]} {[%emt 00:03:29]} 18. e4 {[%clk 01:07:14]} {[%emt
00:05:08]} Be6 {[%clk 01:18:04]} {[%emt 00:08:47]} 19. exd5 {[%clk 01:07:35]}
{[%emt 00:00:09]} Bxd5 {[%clk 01:18:14]} {[%emt 00:00:18]} 20. Bc4 {[%clk
01:07:52]} {[%emt 00:00:14]} Bxc4 {[%clk 01:18:18]} {[%emt 00:00:27]} 21. Qxc4+
{[%clk 01:08:14]} {[%emt 00:00:07]} Kh8 {[%clk 01:18:44]} {[%emt 00:00:04]} 22.
Qb3 {[%clk 01:05:54]} {[%emt 00:02:50]} Rfe8 {[%clk 01:14:37]} {[%emt
00:04:37]} 23. g3 {[%clk 01:04:32]} {[%emt 00:01:52]} h5 {[%clk 01:13:39]}
{[%emt 00:01:28]} 24. h4 {[%clk 01:04:44]} {[%emt 00:00:18]} Re7 {[%clk
01:13:17]} {[%emt 00:00:51]} 25. Rfe1 {[%clk 01:02:35]} {[%emt 00:02:40]} Qxe1+
{[%clk 01:13:02]} {[%emt 00:00:46]} 26. Rxe1 {[%clk 01:02:58]} {[%emt
00:00:07]} Rxe1+ {[%clk 01:13:28]} {[%emt 00:00:04]} 27. Kg2 {[%clk 01:03:21]}
{[%emt 00:00:07]} Re7 {[%clk 01:13:20]} {[%emt 00:00:34]} 28. Qa3 {[%clk
01:02:14]} {[%emt 00:01:40]} Rbe8 {[%clk 01:12:21]} {[%emt 00:01:28]} 29. Qxa7
{[%clk 01:02:32]} {[%emt 00:00:13]} g6 {[%clk 01:05:41]} {[%emt 00:07:10]} 30.
a4 {[%clk 01:02:06]} {[%emt 00:00:57]} Rf7 {[%clk 00:59:04]} {[%emt 00:07:02]}
31. a5 {[%clk 01:02:14]} {[%emt 00:00:26]} Ref8 {[%clk 00:59:12]} {[%emt
00:00:22]} 32. b4 {[%clk 01:01:37]} {[%emt 00:01:08]} Kg7 {[%clk 00:48:58]}
{[%emt 00:10:42]} 33. Qd4+ {[%clk 00:58:36]} {[%emt 00:03:32]} Rf6 {[%clk
00:47:15]} {[%emt 00:02:11]} 34. Qd7+ {[%clk 00:52:06]} {[%emt 00:07:02]} R8f7
{[%clk 00:47:24]} {[%emt 00:00:21]} 35. Qd4 {[%clk 00:52:24]} {[%emt 00:00:12]}
Kh7 {[%clk 00:43:41]} {[%emt 00:04:10]} 36. Kg1 {[%clk 00:48:32]} {[%emt
00:04:25]} Rf5 {[%clk 00:40:34]} {[%emt 00:03:37]} 37. Kg2 {[%clk 00:48:38]}
{[%emt 00:00:24]} Rd5 {[%clk 00:39:36]} {[%emt 00:01:22]} 38. Qe3 {[%clk
00:48:49]} {[%emt 00:00:24]} Kg7 {[%clk 00:38:53]} {[%emt 00:01:13]} 39. Qc3+
{[%clk 00:43:03]} {[%emt 00:06:17]} Rf6 {[%clk 00:36:47]} {[%emt 00:02:34]} 40.
Qe3 {[%clk 00:41:59]} {[%emt 00:01:37]} Kf7 {[%clk 00:22:14]} {[%emt 00:15:03]}
41. Qb6 {[%clk 00:36:57]} {[%emt 00:05:31]} Rb5 {[%clk 00:21:09]} {[%emt
00:01:30]} 42. Qd4 {[%clk 00:36:35]} {[%emt 00:00:57]} Ke7 {[%clk 00:16:51]}
{[%emt 00:04:46]} 43. Qc3 {[%clk 00:35:55]} {[%emt 00:01:12]} Rbf5 {[%clk
00:02:56]} {[%emt 00:14:23]} 44. Qd4 {[%clk 00:31:31]} {[%emt 00:04:55]} Rxf2+
{[%clk 00:23:31]} {[%emt 00:09:56]} 45. Qxf2 {[%clk 01:01:52]} {[%emt
00:00:08]} Rxf2+ {[%clk 00:23:59]} {[%emt 00:00:03]} 46. Kxf2 {[%clk 01:02:12]}
{[%emt 00:00:10]} Ke6 {[%clk 00:23:24]} {[%emt 00:01:06]} 47. Ke3 {[%clk
01:00:27]} {[%emt 00:02:14]} Kf5 {[%clk 00:10:37]} {[%emt 00:13:17]} 48. Kd4
{[%clk 01:00:34]} {[%emt 00:00:23]} Kg4 {[%clk 00:10:55]} {[%emt 00:00:12]} 49.
Kc5 {[%clk 01:00:58]} {[%emt 00:00:06]} Kxg3 {[%clk 00:11:21]} {[%emt
00:00:04]} 50. Kb6 {[%clk 01:01:23]} {[%emt 00:00:05]} Kxh4 {[%clk 00:11:22]}
{[%emt 00:00:29]} 51. Kxb7 {[%clk 01:01:45]} {[%emt 00:00:08]} Kg3 {[%clk
00:10:09]} {[%emt 00:01:44]} 52. a6 {[%clk 01:02:09]} {[%emt 00:00:06]} h4
{[%clk 00:10:38]} 53. a7 {[%clk 01:02:30]} {[%emt 00:00:08]} h3 {[%clk
00:11:02]} {[%emt 00:00:06]} 54. a8=Q {[%clk 01:02:49]} {[%emt 00:00:09]} h2
{[%clk 00:10:12]} {[%emt 00:01:22]} 55. Qa1 {[%clk 01:02:43]} {[%emt 00:00:36]}
Kg2 {[%clk 00:10:01]} {[%emt 00:00:30]} 56. Qb2+ {[%clk 01:02:29]} {[%emt
00:00:55]} Kg3 {[%clk 00:07:17]} {[%emt 00:03:14]} 57. Qc1 {[%clk 01:02:50]}
{[%emt 00:00:08]} Kf2 {[%clk 00:07:08]} {[%emt 00:00:34]} 58. Qc2+ {[%clk
01:03:07]} {[%emt 00:00:19]} 1-0

[Event "ODJM B 2025"]
[Site "Willingen GER"]
[Date "2025.06.11"]
[Round "6"]
[White "Kutz, Paul Matti"]
[Black "Huber, Ben"]
[Result "0-1"]
[Termination "normal"]
[Board "22"]
[WhiteElo "1838"]
[BlackElo "1711"]
[WhiteClock "00:14:39"]
[BlackClock "01:28:15"]
[PlyCount "58"]
[WhiteFideId "16296265"]
[BlackFideId "34677062"]
[EventCountry "GER"]
[EventRounds "9"]
[EventType "swiss"]
[EventDate "2025.06.07"]

1. e4 {[%clk 01:30:54]} {[%emt 00:00:05]} c5 {[%clk 01:30:54]} {[%emt
00:00:06]} 2. Nf3 {[%clk 01:30:53]} {[%emt 00:00:31]} e6 {[%clk 01:31:18]}
{[%emt 00:00:05]} 3. d4 {[%clk 01:30:50]} {[%emt 00:00:33]} cxd4 {[%clk
01:31:45]} {[%emt 00:00:04]} 4. Nxd4 {[%clk 01:31:15]} {[%emt 00:00:05]} Bc5
{[%clk 01:32:10]} {[%emt 00:00:05]} 5. Nc3 {[%clk 01:30:57]} {[%emt 00:00:48]}
Qb6 {[%clk 01:32:36]} {[%emt 00:00:05]} 6. Be3 {[%clk 01:21:01]} {[%emt
00:10:25]} Nc6 {[%clk 01:32:37]} {[%emt 00:00:29]} 7. Ndb5 {[%clk 01:06:46]}
{[%emt 00:14:44]} Bxe3 {[%clk 01:32:59]} {[%emt 00:00:08]} 8. fxe3 {[%clk
01:07:10]} {[%emt 00:00:07]} Qxe3+ {[%clk 01:33:15]} {[%emt 00:00:14]} 9. Be2
{[%clk 01:07:15]} {[%emt 00:00:25]} Qb6 {[%clk 01:33:05]} {[%emt 00:00:40]} 10.
Qd6 {[%clk 01:07:27]} {[%emt 00:00:18]} Nf6 {[%clk 01:31:35]} {[%emt 00:02:00]}
11. Nc7+ {[%clk 00:48:53]} {[%emt 00:19:04]} Kd8 {[%clk 01:31:56]} {[%emt
00:00:10]} 12. Nxa8 {[%clk 00:41:44]} {[%emt 00:07:38]} Qxb2 {[%clk 01:32:17]}
{[%emt 00:00:09]} 13. Kd2 {[%clk 00:41:53]} {[%emt 00:00:20]} Qxc3+ {[%clk
01:32:01]} {[%emt 00:00:47]} 14. Kxc3 {[%clk 00:41:38]} {[%emt 00:00:44]} Nxe4+
{[%clk 01:32:26]} {[%emt 00:00:06]} 15. Kb2 {[%clk 00:41:40]} {[%emt 00:00:29]}
Nxd6 {[%clk 01:32:52]} {[%emt 00:00:03]} 16. Bf3 {[%clk 00:38:30]} {[%emt
00:03:39]} Nc4+ {[%clk 01:32:26]} {[%emt 00:00:57]} 17. Kc3 {[%clk 00:38:21]}
{[%emt 00:00:39]} d5 {[%clk 01:32:49]} {[%emt 00:00:07]} 18. Rhd1 {[%clk
00:32:28]} {[%emt 00:06:23]} Bd7 {[%clk 01:30:17]} {[%emt 00:03:02]} 19. Be2
{[%clk 00:16:03]} {[%emt 00:16:55]} Nd6 {[%clk 01:28:38]} {[%emt 00:02:09]} 20.
Bf3 {[%clk 00:13:34]} {[%emt 00:02:59]} Kc8 {[%clk 01:28:52]} {[%emt 00:00:16]}
21. Kb3 {[%clk 00:13:36]} {[%emt 00:00:28]} Kb8 {[%clk 01:28:57]} {[%emt
00:00:24]} 22. c4 {[%clk 00:13:39]} {[%emt 00:00:28]} Nxc4 {[%clk 01:28:43]}
{[%emt 00:00:44]} 23. Bxd5 {[%clk 00:13:30]} {[%emt 00:00:39]} exd5 {[%clk
01:28:07]} {[%emt 00:01:06]} 24. Rxd5 {[%clk 00:13:48]} {[%emt 00:00:13]} Be6
{[%clk 01:28:14]} {[%emt 00:00:22]} 25. Kxc4 {[%clk 00:14:14]} {[%emt
00:00:04]} Rd8 {[%clk 01:28:07]} {[%emt 00:00:37]} 26. Rad1 {[%clk 00:14:25]}
{[%emt 00:00:19]} Ne7 {[%clk 01:28:16]} {[%emt 00:00:21]} 27. Rc1 {[%clk
00:14:15]} {[%emt 00:00:41]} Bxd5+ {[%clk 01:27:43]} {[%emt 00:01:03]} 28. Kd4
{[%clk 00:14:19]} {[%emt 00:00:25]} Kxa8 {[%clk 01:28:03]} {[%emt 00:00:10]}
29. Ke3 {[%clk 00:14:39]} {[%emt 00:00:09]} a6 {[%clk 01:28:15]} {[%emt
00:00:19]} 0-1